LEADER 01884nam 2200589 a 450 001 9910453205603321 005 20200520144314.0 010 $a1-62100-107-5 035 $a(CKB)2550000001043908 035 $a(EBL)3021888 035 $a(SSID)ssj0000874930 035 $a(PQKBManifestationID)12301696 035 $a(PQKBTitleCode)TC0000874930 035 $a(PQKBWorkID)10887390 035 $a(PQKB)11269093 035 $a(MiAaPQ)EBC3021888 035 $a(Au-PeEL)EBL3021888 035 $a(CaPaEBR)ebr10686211 035 $a(OCoLC)831664551 035 $a(EXLCZ)992550000001043908 100 $a20110815d2012 uy 0 101 0 $aeng 135 $aur|n|---||||| 181 $ctxt 182 $cc 183 $acr 200 10$aGeneral relativity and the pioneers anomaly$b[electronic resource] /$fMarcelo Samuel Berman 210 $aNew York $cNova Science Publishers$dc2012 215 $a1 online resource (221 p.) 225 1 $aPhysics research and technology 225 1 $aMathematics research developments 300 $aDescription based upon print version of record. 311 $a1-62100-003-6 320 $aIncludes bibliographical references (p. [181]-200) and index. 410 0$aPhysics research and technology. 410 0$aMathematics research developments series. 606 $aGeneral relativity (Physics) 606 $aAcceleration (Mechanics) 606 $aRelativistic quantum theory 608 $aElectronic books. 615 0$aGeneral relativity (Physics) 615 0$aAcceleration (Mechanics) 615 0$aRelativistic quantum theory. 676 $a530.11 700 $aBerman$b Marcelo Samuel$0903217 801 0$bMiAaPQ 801 1$bMiAaPQ 801 2$bMiAaPQ 906 $aBOOK 912 $a9910453205603321 996 $aGeneral relativity and the pioneers anomaly$92019053 997 $aUNINA LEADER 01944nas 2200661- 450 001 996216459403316 005 20230518213020.0 011 $a1876-407X 035 $a(DE-599)ZDB2216587-3 035 $a(OCoLC)606568291 035 $a(CKB)991042728222704 035 $a(CONSER)--2020204204 035 $a(EXLCZ)99991042728222704 100 $a20100411a20009999 --- a 101 0 $aeng 135 $aurbn||||||abp 135 $aurbn||||||ada 181 $ctxt$2rdacontent 182 $cc$2rdamedia 183 $acr$2rdacarrier 200 00$aAsia Pacific education review 210 1$aSeoul, Korea :$cInstitute of Asia Pacific Education Development, Seoul National University 210 31$a[Dordrecht] :$cSpringer Netherlands 215 $aonline resource 300 $aRefereed/Peer-reviewed 311 $a1598-1037 517 1 $aAPER 531 $aASIA PAC EDUC REV 531 $aASIA PAC. EDUC. REV 606 $aEducation$zAsia$vPeriodicals 606 $aEducation$zPacific Area$vPeriodicals 606 $aEducation$2fast$3(OCoLC)fst00902499 607 $aAsia$2fast 607 $aPacific Area$2fast 608 $aPeriodical 608 $aperiodicals.$2aat 608 $aPeriodicals.$2fast 608 $aPeriodicals.$2lcgft 608 $aPériodiques.$2rvmgf 610 00$aonderwijsonderzoek 610 00$aeducational research 610 00$aonderwijs 610 00$aeducation 610 00$aintercultureel onderzoek 610 00$across cultural studies 610 00$aasia 610 00$agrote oceaan 610 00$apacific ocean 610 10$aEducation (General) 610 10$aOnderwijs (algemeen) 615 0$aEducation 615 0$aEducation 615 7$aEducation. 712 02$aS?ul Taehakkyo.$bAsia T?aep?y?ngyang Kyoyuk Palch?n Y?n?gudan, 906 $aJOURNAL 912 $a996216459403316 996 $aAsia Pacific education review$92265962 997 $aUNISA